| 000 | 01422cam a2200313 a 4500 | ||
|---|---|---|---|
| 001 | 4994492 | ||
| 005 | 20240818092923.0 | ||
| 008 | 990208s1999 nyu b 001 0 eng | ||
| 010 | _a99018482 | ||
| 020 | _a354064797X (hardcover : alk. paper) | ||
| 040 |
_aDLC _cDLC _dDLC |
||
| 050 | 0 | 0 |
_aQA612.3 _b.G85 1999 |
| 082 | 0 | 0 |
_a514.23 _221 _bGUI |
| 100 | 1 |
_aGuillemin, V., _d1937- _96854 |
|
| 245 | 1 | 0 |
_aSupersymmetry and Equivariant de Rham Theory / _cVictor W. Guillemin, Shlomo Sternberg. |
| 260 |
_aNew York : _bSpringer, _cc1999. |
||
| 300 |
_axxiii, 228 p. ; _c25 cm. |
||
| 504 | _aIncludes bibliographical references (p. [221]-225) and index. | ||
| 650 | 0 |
_aHomology theory. _96855 |
|
| 650 | 0 |
_aSupersymmetry. _96856 |
|
| 700 | 1 |
_aSternberg, Shlomo. _96857 |
|
| 856 | 4 | 2 |
_3Contributor biographical information _uhttp://www.loc.gov/catdir/enhancements/fy0815/99018482-b.html |
| 856 | 4 | 2 |
_3Publisher description _uhttp://www.loc.gov/catdir/enhancements/fy0815/99018482-d.html |
| 942 |
_2ddc _cBB _hRDA-MOD |
||
| 999 |
_c12012 _d12012 |
||
| 336 |
_2rdacontent _atext _btxt |
||
| 337 |
_aunmediated _2rdamedia _bn |
||
| 338 |
_avolume _bnc _2rdacarrier |
||